Zbohom, biele noci

Bibliographic Details
Main Author: Panova, Vera Fjodorovna, 1905-1973 (Author)
Other Authors: Ličková, Marta, 1926- (Translator)
Format: Book
Language:Slovak
Russian
PhysicalDescription:74, [1] s. 4°
Published: Bratislava Diliza 1961
Subjects:

MARC

LEADER 00000nam a2200000 a 4500
001 vtls008338479
003 SK-MaSNL
005 20260301222743.0
008 181128s1961 xo 000 slo
015 |a SKSNBA1961/05-00881 
035 |a SK01SNK19610030696 
035 |a SKM000033159 
040 |a SNK  |b slo  |c SNK  |e AACR2 
041 1 |a slo  |h rus 
044 |a xo  |c SK 
080 |a 882-2  |2 1981 
100 1 |a Panova, Vera Fjodorovna,  |d 1905-1973  |4 aut  |9 201752 
245 1 0 |a Zbohom, biele noci  |c Vera Panová ; z rus. orig. prel. Marta Ličková 
260 |a Bratislava  |b Diliza  |c 1961 
300 |a 74, [1] s.  |c 4° 
650 0 7 |a hry divadelné ruské  |2 SNK  |9 307157 
655 7 |a umelecká literatúra  |2 SNKPH  |9 60405 
700 1 |a Ličková, Marta,  |d 1926-  |4 trl  |9 88326 
852 |a Slovenská národná knižnica v Martine  |b 10000  |h SB 7603 
958 |a OND 
958 |a RM 
958 |a RK 
958 |a LX 
958 |a UP 
958 |a RU 
999 |c 940949  |d 942879 
952 |a SNK  |b SNK  |y PREZ  |7 0  |p 17A0742573  |o snkSB 7603  |0 0  |1 0  |4 0  |d 2011-11-05  |f 1  |l 0  |r 2025-02-21 00:00:00  |w 2026-02-24 
952 |a SNK  |b SNK  |y VYP  |7 0  |p 17A0606358  |o snkSB 7603 D1  |i snkK 3325/61  |8 3  |0 0  |1 0  |4 0  |d 2009-01-20  |l 0  |r 2026-02-24 09:17:57  |w 2026-02-24